000 00607cam a22002051 4500
001 af 48001137
003 DLC
005 20260227110847.0
008 890412s1943 ne 000 1 dut c
010 _aaf 48001137
035 _a(OCoLC)19539049
040 _aNew York. Public Libr.
_cCU
_dDLC
042 _apremarc
050 0 0 _aPT2619.U473
_bR62
100 1 _aJung, Hermann,
_d1901-
245 1 3 _aDe rood-witte sfinx,
_bde roman van een verraadster. Een roman, op waarheid gegrond.
260 _aAmsterdam,
_bVolksche Uitgeverij Westland,
_c1943.
300 _a286 p.
_c18 cm.
440 3 _aDe Bonte reeks
999 _c4366
_d4366